LEADER 01089nam0 22002891i 450 001 UON00073608 005 20231205102400.302 010 $a88-17-13673-5 100 $a20020107d1993 |0itac50 ba 101 $aita 102 $aIT 105 $a|||| ||||| 200 1 $aNovelle orientali$fMarguerite Yourcenar$gtraduzione di Maria Luisa Spaziani 205 $a3a ed 210 $aMilano$cRizzoli$d1993 215 $a140 p.$d18 cm 410 1$1001UON00066064$12001 $aBiblioteca Universale Rizzoli$fDirettore responsabile Evaldo Violo$v673 500 1$3UON00359581$aNouvelles orientales$920702 620 $aIT$dMilano$3UONL000005 700 1$aYOURCENAR$bMarguerite$3UONV048376$0204116 712 $aRizzoli$3UONV245928$4650 801 $aIT$bSOL$c20240220$gRICA 899 $aSIBA - SISTEMA BIBLIOTECARIO DI ATENEO$2UONSI 912 $aUON00073608 950 $aSIBA - SISTEMA BIBLIOTECARIO DI ATENEO$dSI VO Afr VI 005 $eSI AA 16167 5 005 996 $aNouvelles orientales$920702 997 $aUNIOR